[Event "Penang op 8th"]
[Site "Penang"]
[Date "2016.12.06"]
[Round "3"]
[White "Tan, Fischer"]
[Black "Sim, Jia Ru"]
[Result "0-1"]
[WhiteElo "1408"]
[BlackElo "1569"]
[PlyCount "74"]
[EventDate "2016.12.05"]
[EventType "swiss"]
[EventRounds "9"]
[EventCountry "MAS"]
[SourceTitle "CBM 176 Extra"]
[Source "ChessBase"]
[SourceDate "2017.03.02"]
[SourceVersion "1"]
[SourceVersionDate "2017.03.02"]
[SourceQuality "1"]

1. g3 d5 2. Bg2 e5 3. e3 c6 4. d3 Nf6 5. h3 Bd6 6. Ne2 0-0 7. Nd2 Be6 8. b3 Re8 9. Bb2 Nbd7 10. a3 Rc8 11. Qc1 Qb6 12. a4 c5 13. a5 Qc7 14. c4 d4 15. e4 Nb8 16. Qb1 Nc6 17. a6 b6 18. Ba3 Rb8 19. 0-0 b5 20. cxb5 Rxb5 21. Qc2 Reb8 22. Rfb1 Qb6 23. Nc1 Nb4 24. Bxb4 Rxb4 25. Bf1 h6 26. Ra2 Qc6 27. Rba1 Ne8 28. Ra5 Nc7 29. Nc4 Bxc4 30. dxc4 R8b6 31. Qa2 Qxe4 32. Bg2 Qf5 33. Qe2 Qc8 34. Bb7 Qxh3 35. Bg2 Qd7 36. Qh5 Qe7 37. Be4 Qf6 0-1

[Event "Kuala Lumpur op 7th"]
[Site "Kuala Lumpur"]
[Date "2010.09.06"]
[Round "8"]
[White "Tan, Fischer"]
[Black "Roslina, Marmono"]
[Result "0-1"]
[WhiteElo "1530"]
[BlackElo "1933"]
[PlyCount "60"]
[EventDate "2010.09.01"]
[EventType "swiss"]
[EventRounds "9"]
[EventCountry "MAS"]
[SourceTitle "CBM 138 Extra"]
[Source "ChessBase"]
[SourceDate "2010.10.29"]
[SourceVersion "1"]
[SourceVersionDate "2010.10.29"]
[SourceQuality "1"]

1. c3 Nf6 2. Na3 d5 3. h3 a6 4. Nc2 e5 5. e3 c5 6. Nf3 Nc6 7. d4 e4 8. Nh2 c4 9. Be2 Bd6 10. Ng4 Be6 11. b3 b5 12. bxc4 bxc4 13. Rb1 Nxg4 14. hxg4 0-0 15. Rh5 g6 16. Rh3 Rb8 17. Rxb8 Qxb8 18. Kd2 f5 19. Qh1 Qc7 20. gxf5 Bxf5 21. Rh6 Rf7 22. Ba3 Bxa3 23. Nxa3 Qa5 24. Nc2 Qxa2 25. Qh2 Qa5 26. g4 Bc8 27. Qg3 Qd8 28. Ne1 Qf8 29. f4 Qxh6 30. Ng2 Qf8 0-1